| 000 | 005800000a22001810004500 | ||
|---|---|---|---|
| 003 | MACL | ||
| 005 | 20160121172625.0 | ||
| 008 | 160121b xxu||||| |||| 00| 0 eng d | ||
| 040 |
_aMACL _cMACL |
||
| 041 | _aHindi | ||
| 082 | _a362.2/GUP | ||
| 100 |
_aगुप्ता ओ.पी _933959 |
||
| 245 | _aकेनद्रीय औघेगिक सूरक्षा बल | ||
| 260 |
_bरमेश पब्लिशिंग _c2003 _aनई दिल्ली |
||
| 350 | _a75 | ||
| 650 |
_aSocial Welfore Problem Services _933965 |
||
| 942 |
_cHIN _k362.2/GUP _2ddc |
||
| 999 |
_c30895 _d30895 |
||